Sports Quiz

Random Sports or NFL Quiz

Saints 1st Round Draft Picks Quiz Stats

 Plays Quiz not verified by Sporcle

Challenge
Share
Tweet
Embed
Score 0/57 Timer 10:00
0 Plays Today
Year Player % Correct
1973none
100%
1983none
97.2%
1984none
97.2%
1991none
97.2%
2000none
97.2%
2012none
97.2%
2011Mark Ingram Jr.
75.7%
2006Reggie Bush
71%
2014Brandin Cooks
70.1%
1999Ricky Williams
66.4%
2017Marshon Lattimore
63.5%
2011Cameron Jordan
56.1%
1972Royce Smith
55.1%
2004Will Smith
55.1%
2013Kenny Vaccaro
55.1%
1993Irv Smith
55.1%
2001Deuce McAllister
54.2%
2016Sheldon Rankins
51.4%
1971Archie Manning
50.5%
2015Andrus Peat
50.5%
2017Ryan Ramczyk
46%
2007Robert Meachem
45.8%
2010Patrick Robinson
43.9%
2015Stephone Anthony
43.9%
2008Sedrick Ellis
43%
2009Malcolm Jenkins
41.1%
2005Jammal Brown
39.3%
1993Willie Roaf
37.4%
2002Donté Stallworth
35.5%
Year Player % Correct
2018Marcus Davenport
34.6%
1981George Rogers
33.6%
1994Joe Johnson
31.8%
2003Johnathan Sullivan
29.9%
1998Kyle Turley
28%
1988Craig Heyward
20.6%
1976Chuck Muncie
19.6%
1989Wayne Martin
18.7%
1978Wes Chandler
17.8%
1995Mark Fields
17.8%
1979Russell Erxleben
16.8%
1997Chris Naeole
15%
1992Vaughn Dunbar
12.1%
1996Alex Molden
12.1%
1982Lindsay Scott
11.2%
1990Renaldo Turnbull
10.3%
1980Stan Brock
8.6%
1986Jim Dombrowski
8.4%
1970Ken Burrough
7.5%
1977Joe Campbell
7.5%
1985Alvin Toles
6.5%
1987Shawn Knight
4.7%
1967Leslie Kelley
3.7%
1969John Shinners
3.7%
1974Rick Middleton
3.7%
1975Larry Burton
3.7%
1975Kurt Schumacher
3.7%
1968Kevin Hardy
2.8%

You're not logged in!

Compare scores with friends on all Sporcle quizzes.
Join for Free
OR
Log In

You Might Also Like...

Show Comments

Extras

Top Quizzes Today


Score Distribution

Your Account Isn't Verified!

In order to create a playlist on Sporcle, you need to verify the email address you used during registration. Go to your Sporcle Settings to finish the process.

Report this User

Report this user for behavior that violates our Community Guidelines.

Details: